Capitales du monde par lettre - N - Statistiques

Statistiques générales
  • Ce quiz a été pris 1 965 fois
    1 323 depuis la dernière actualisation
  • Le résultat moyen est 5 sur 10
Statistiques - réponses
Réponse % Correct
Nairobi
70%
Niamey
68%
Nouakchott
60%
Nassau
57%
N'Djaména
57%
New Delhi
54%
Nicosie
43%
Naypyidaw
42%
Nuku'alofa
41%
Nour-Soultan
26%
Aucun quiz correspondant
Distribution des résultats
% des personnes avec chaque résultat
Percentile par nombre de réponses
Votre historique - résultats
Vous n’avez pas pris ce quiz depuis la dernière actualisation